| 000 | 00605nam a2200145Ia 4500 | ||
|---|---|---|---|
| 005 | 20260209120128.0 | ||
| 008 | 260209s9999||||xx |||||||||||||| ||und|| | ||
| 100 | _aPooja Thripati | ||
| 245 | 0 | _aDoctrine of functionality under intellectual property rights | |
| 260 |
_aBangaloreBangalore _bNLSIU _c2010 |
||
| 300 | _a99 p. ; 25 cm. | ||
| 650 | _aComputer Software Protection Functionally Doctrine - Copyright Law - Trademark - Patent Law Sodtware Patent Protection | ||
| 700 | _aProf. (Dr.) T Ramakrishna - GuideProf. (Dr.) T Ramakrishna - Guide | ||
| 856 | _uhttps://dans.nls.ac.in/handle/123456789/1922 | ||
| 999 |
_c216941 _d216941 |
||